[Event "Lyon IM 04"]
[Site "Lyon"]
[Date "2019.04.24"]
[Round "4"]
[White "Menard, Baptiste"]
[Black "Kukov, Velislav"]
[Result "0-1"]
[WhiteElo "2219"]
[BlackElo "2351"]
[PlyCount "70"]
[EventDate "2019.04.22"]
[EventType "tourn"]
[EventRounds "9"]
[EventCountry "FRA"]
[EventCategory "4"]
[SourceTitle "EXT 2020"]
[Source "ChessBase"]
[SourceDate "2019.10.17"]
[SourceVersion "1"]
[SourceVersionDate "2019.10.17"]
[SourceQuality "1"]

1. e4 c6 2. Nc3 d5 3. Nf3 dxe4 4. Nxe4 Bf5 5. Qe2 e6 6. g3 Nd7 7. Bg2 Ngf6 8. d3 Be7 9. 0-0 0-0 10. c3 h6 11. Nxf6+ Nxf6 12. Ne5 Nd7 13. d4 Nxe5 14. Qxe5 Qb6 15. Qe2 a5 16. Bf4 Rfd8 17. Rad1 Rd7 18. Rd2 Rad8 19. Rfd1 Bd6 20. Be3 Qc7 21. f4 c5 22. Qb5 Bg4 23. Re1 cxd4 24. Rxd4 Bc5 25. Rxd7 Bxe3+ 26. Rxe3 Rxd7 27. h3 Bf5 28. Re5 Rd1+ 29. Kh2 b6 30. Re2 Bd3 31. Qe8+ Kh7 32. Re5 Rd2 33. Kg1 Rxb2 34. c4 Bg6 35. h4 f6 0-1

[Event "Lyon IM 04"]
[Site "Lyon"]
[Date "2019.04.23"]
[Round "2"]
[White "Menard, Baptiste"]
[Black "Tahay, Alexis"]
[Result "1/2-1/2"]
[WhiteElo "2219"]
[BlackElo "2342"]
[PlyCount "67"]
[EventDate "2019.04.22"]
[EventType "tourn"]
[EventRounds "9"]
[EventCountry "FRA"]
[EventCategory "4"]
[SourceTitle "EXT 2020"]
[Source "ChessBase"]
[SourceDate "2019.10.17"]
[SourceVersion "1"]
[SourceVersionDate "2019.10.17"]
[SourceQuality "1"]

1. e4 c5 2. Nf3 d6 3. d4 cxd4 4. Qxd4 Nf6 5. Bg5 Nc6 6. Bb5 Bd7 7. Qd3 e6 8. Nc3 Be7 9. 0-0-0 Qc7 10. Rhe1 a6 11. Bxc6 Bxc6 12. Bxf6 gxf6 13. Nd4 0-0-0 14. Qh3 Kb8 15. Qh5 Bf8 16. f4 d5 17. f5 Bb4 18. fxe6 Bxc3 19. bxc3 dxe4 20. Nxc6+ Qxc6 21. e7 Rc8 22. Qh3 Rhe8 23. Rd7 Qa4 24. Kd2 Qc6 25. Rb1 Rxe7 26. Qg3+ Re5 27. Rbxb7+ Qxb7 28. Rxb7+ Kxb7 29. Qg7 e3+ 30. Ke1 Rc7 31. Qxf6 Re6 32. Qf4 e2 33. Qb4+ Ka8 34. h4 1/2-1/2

[Event "El Ksiba op"]
[Site "El Ksiba"]
[Date "2019.04.13"]
[Round "9"]
[White "Menard, Baptiste"]
[Black "Bauer, Christian"]
[Result "0-1"]
[WhiteElo "2219"]
[BlackElo "2639"]
[PlyCount "78"]
[EventDate "2019.04.08"]
[EventType "swiss"]
[EventRounds "9"]
[EventCountry "MAR"]
[SourceTitle "CBM 189 Extra"]
[Source "ChessBase"]
[SourceDate "2019.06.03"]
[SourceVersion "1"]
[SourceVersionDate "2019.06.03"]
[SourceQuality "1"]

1. e4 c5 2. Nf3 Nc6 3. Bb5 e6 4. 0-0 Nge7 5. Re1 a6 6. Bf1 d5 7. exd5 Qxd5 8. b3 Nf5 9. g3 Be7 10. Bg2 Qd8 11. Nc3 0-0 12. Ne4 e5 13. d3 Rb8 14. Bb2 f6 15. Qd2 Be6 16. Rad1 Rc8 17. Qc1 Qd7 18. c3 h5 19. Qa1 Rfd8 20. h3 Bd5 21. Rd2 b5 22. Qd1 Bf7 23. g4 Nh6 24. g5 Nf5 25. Kh2 Bg6 26. h4 fxg5 27. hxg5 Rf8 28. Bh3 Qc7 29. Kh1 Rce8 30. a4 Rf7 31. axb5 axb5 32. Bc1 b4 33. Ra2 bxc3 34. Ra6 c2 35. Qd2 Bf8 36. Bg2 Qb7 37. Rxc6 Qxc6 38. Qc3 Qc7 39. b4 cxb4 0-1

[Event "Espalion op 3rd"]
[Site "Espalion"]
[Date "2018.07.17"]
[Round "5"]
[White "Menard, Baptiste"]
[Black "Pass, Deborah"]
[Result "1/2-1/2"]
[WhiteElo "2184"]
[BlackElo "1951"]
[PlyCount "118"]
[EventDate "2018.07.14"]
[EventType "swiss"]
[EventRounds "9"]
[EventCountry "FRA"]
[SourceTitle "CBM 185 Extra"]
[Source "ChessBase"]
[SourceDate "2018.07.29"]
[SourceVersion "1"]
[SourceVersionDate "2018.07.29"]
[SourceQuality "1"]

1. e4 d5 2. exd5 Nf6 3. d4 Nxd5 4. Nf3 g6 5. c4 Nb6 6. Nc3 Bg7 7. c5 Nd5 8. Bc4 Nxc3 9. bxc3 0-0 10. 0-0 Nc6 11. Re1 Bg4 12. Bf4 e5 13. dxe5 Qe7 14. h3 Qxc5 15. Qd5 Qxd5 16. Bxd5 Bf5 17. Rad1 Nd8 18. Bg5 c6 19. Bb3 Re8 20. Nd4 Be6 21. c4 Bc8 22. f4 Ne6 23. Nxe6 Bxe6 24. c5 Bf8 25. Rd6 Bxd6 26. cxd6 Bd7 27. Kf2 a5 28. a4 b5 29. Rc1 Rac8 30. Rc5 Rb8 31. Bd1 h5 32. Ke3 Rec8 33. g4 bxa4 34. gxh5 Rb5 35. Rc3 Bxh3 36. hxg6 Rb4 37. gxf7+ Kxf7 38. Kd2 Bf5 39. Bc2 Rb2 40. Kc1 Rxc2+ 41. Rxc2 Bxc2 42. Kxc2 Ke6 43. Kb2 Rb8+ 44. Ka3 c5 45. Bh4 Rb3+ 46. Kxa4 Rb4+ 47. Kxa5 Rxf4 48. Bf6 Rb4 49. Bg5 Rb1 50. Be3 c4 51. Bd4 Kd7 52. Ka4 Kc6 53. Ka3 Rb3+ 54. Ka2 Rd3 55. Ba1 Kc5 56. Bb2 Rd2 57. Ka3 Rd3+ 58. Ka2 Rd2 59. Ka3 Rd3+ 1/2-1/2

[Event "EU-ch 12th"]
[Site "Aix les Bains"]
[Date "2011.04.02"]
[Round "11"]
[White "Menard, Baptiste"]
[Black "Humbert, Patrick"]
[Result "1-0"]
[WhiteElo "1829"]
[BlackElo "1462"]
[PlyCount "63"]
[EventDate "2011.03.22"]
[EventType "swiss"]
[EventRounds "11"]
[EventCountry "FRA"]
[SourceTitle "CBM 142 Extra"]
[Source "ChessBase"]
[SourceDate "2011.06.27"]
[SourceVersion "1"]
[SourceVersionDate "2011.06.27"]
[SourceQuality "1"]

1. e4 e5 2. Nf3 Nc6 3. Bb5 a6 4. Ba4 b5 5. Bb3 Bc5 6. 0-0 d6 7. h3 Bd7 8. c3 h6 9. d4 exd4 10. cxd4 Bb6 11. Re1 Nge7 12. Nc3 0-0 13. a4 b4 14. Nd5 Nxd5 15. exd5 Ne7 16. a5 Ba7 17. Bd2 Rb8 18. Bc4 Bb5 19. b3 Re8 20. Re4 c6 21. dxc6 Bxc6 22. Rg4 Bd7 23. Rf4 d5 24. Bd3 Nc6 25. Bb1 Re6 26. Qc2 g6 27. Rh4 Nxd4 28. Rxd4 Bxd4 29. Nxd4 Re4 30. Be3 Rc8 31. Qd2 Rxe3 32. Qxe3 1-0

[Event "EU-ch 12th"]
[Site "Aix les Bains"]
[Date "2011.03.26"]
[Round "5"]
[White "Menard, Baptiste"]
[Black "Astengo, Corrado"]
[Result "0-1"]
[WhiteElo "1829"]
[BlackElo "2119"]
[PlyCount "90"]
[EventDate "2011.03.22"]
[EventType "swiss"]
[EventRounds "11"]
[EventCountry "FRA"]
[SourceTitle "CBM 142 Extra"]
[Source "ChessBase"]
[SourceDate "2011.06.27"]
[SourceVersion "1"]
[SourceVersionDate "2011.06.27"]
[SourceQuality "1"]

1. e4 c5 2. Nf3 e6 3. d4 cxd4 4. Nxd4 a6 5. Bd3 Nc6 6. Be3 Qc7 7. 0-0 Nf6 8. Kh1 h5 9. f4 Ng4 10. Bg1 Nxd4 11. Bxd4 Bc5 12. Bxc5 Qxc5 13. Qe2 d6 14. Nd2 Qe3 15. Qxe3 Nxe3 16. Rfe1 Ng4 17. Nf3 Bd7 18. h3 Nf2+ 19. Kg1 Nxd3 20. cxd3 Rc8 21. Rac1 Ke7 22. Kf2 Rhd8 23. h4 f6 24. d4 Rxc1 25. Rxc1 Rc8 26. Rxc8 Bxc8 27. e5 Bd7 28. g3 Bc6 29. exd6+ Kxd6 30. Nd2 Kd5 31. Ke3 Be8 32. a3 Bg6 33. Nb3 b6 34. Nd2 Bf5 35. b3 Bc2 36. b4 a5 37. Nf1 axb4 38. axb4 Kc4 39. Kd2 Bg6 40. d5 exd5 41. Ne3+ Kd4 42. Nd1 Bf7 43. Ne3 Be6 44. Nd1 Kc4 45. Ne3+ Kxb4 0-1